000
00357nam a2200133Ia 4500
008
151001s9999||||xx |||||||||||||| ||und||
100
_a
खुशांत
245
_a
हताश से मुक्ती कि और
250
_a
1
260
_b
पूजा प्रकाशन
260
_c
2007
300
_a
162
365
_b
21
999
_c
994835
_d
994832